Limited Life Members - Statistics

General Stats
  • This quiz has been taken 151 times
  • The average score is 14 of 14
Answer Stats
Answer % Correct
PearlescentMoon
100%
GoodTimeWithScar
99%
Grian
99%
Solidarity
99%
BdoubleO100
97%
Bigbst4tz2
97%
InTheLittleWood
97%
Smallishbeans
97%
ZombieCleo
97%
Smajor1995
96%
Etho
95%
impulseSV
95%
Tango
95%
Skizzleman
90%
No matching quizzes found
Score Distribution
Percent of People with Each Score
Percentile by Number Answered
Your Score History
You have not taken this quiz